000 00256nam a2200097Ia 4500
001 689962
005 20250826161807.0
008 250824s9999 xx 000 0 und d
245 0 _aAYDINLANMA DEĞİL MERHAMET/A.ALATLI/EVEREST
_cALEV ALATLI
260 _bEVEREST
999 _c689962
_d689962